Finanse przedsiebiorstwa

Gespeichert in:
Bibliographische Detailangaben
1. Verfasser: Fedorowicz, Zdzislaw
Format: Buch
Sprache:Polnisch
Veröffentlicht: Warszawa Poltext 1999
Ausgabe:3. wyd. rozsz. i zakt.
Schriftenreihe:Szkola Glówna Handlowa Studia Finansowo-Bankowe
Schlagworte:
Tags: Tag hinzufügen
Keine Tags, Fügen Sie das erste Tag hinzu!

MARC

LEADER 00000nam a2200000 4500
001 c123779
005 20221221082351.8
020 |a 83-85366-42-3 
041 0 |a pol 
044 |a PL 
245 1 0 |a Finanse przedsiebiorstwa  |c Zdzislaw Fedorowicz 
250 |a 3. wyd. rozsz. i zakt. 
264 1 |a Warszawa  |b Poltext  |c 1999 
300 |a 175 s. 
490 1 |a Szkola Glówna Handlowa  |v Studia Finansowo-Bankowe 
830 0 |a Szkola Glówna Handlowa  |v Studia Finansowo-Bankowe 
610 2 0 |a financie podnikové 
610 2 0 |a fondy finančné 
610 2 0 |a plánovanie finančné 
610 2 0 |a náklady 
610 2 0 |a zisk 
610 2 0 |a riziko 
610 2 0 |a príjmy 
610 2 0 |a obligácie 
610 2 0 |a akcie 
610 2 0 |a investície 
610 2 0 |a financovanie podnikov 
610 2 0 |a štruktúra kapitálová 
610 2 0 |a majetok 
610 2 0 |a obrat obchodný 
610 2 0 |a Poľsko 
100 1 |a Fedorowicz, Zdzislaw